ბათუმის შოთა რუსთაველის სახელმწიფო უნივერსიტეტის ბიბლიოთეკა

სპარსული პოეზიის შედევრები : 2 ტომად /: (ბიბ.ჩანაწერი № 36872)

000 -ლიდერი
ფიქსირებული სიგრძის საკონტროლო ველი 01344nam a2200265Ia 4500
001 - საკონტროლო ნომერი
საკონტროლო ველი 2822
003 - საკონტროლო ნომრის იდენტიფიკატორი
საკონტროლო ველი GE_BSU
005 - ბოლო ოპერაციის თარიღი და დრო
საკონტროლო ველი 20190611183512.0
008 - ფიქსირებული სიგრძის მონაცემთა ელემენტები - ზოგადი ინფორმაცია
ფიქსირებული სიგრძის საკონტროლო ველი 181216s2010||||ge |||||||||||||| ||geo||
020 ## - წიგნის საერთაშორისო სტანდარტული ნომერი
International Standard Book Number 9789941129162
040 ## - კატალოგიზაციის წყარო
Transcribing agency GE_BSU
041 ## - ენის კოდი
Language code of text/sound track or separate title geo
080 ## - უნივერსალური ათობითი კლასიფიკაციის ინდექსი
Universal Decimal Classification number 821.222.1.1 ს–76
245 ## - ცნობა სათაურის შესახებ
Title სპარსული პოეზიის შედევრები : 2 ტომად /:
Remainder of title ტ. 1. /
Statement of responsibility, etc სპარსულიდან თარგმნა მაგალი თოდუამ ; წინათქმა ეჰსან ხაზაი.
264 ## - წარმოების, გამოცემის, დისტრიბუციის და სხვა ცნობები
გამოცემის, წარმოების, დისტრიბუციის... ადგილი თბილისი :
გამოცემის, წარმოების, დისტრიბუციის... სახელწოდება უნივერსალი,
გამოცემის, წარმოების, დისტრიბუციის... თარიღი 2010.
300 ## - ფიზიკური აღწერა
Extent 426 გვ. ;
Other physical details 23 სმ.
546 ## - LANGUAGE NOTE
Language note პარალ. თავფურ. და წინათქმა სპარს.
653 ## - INDEX TERM--UNCONTROLLED
Uncontrolled term სპარსული პოეზია
700 ## - ADDED ENTRY--PERSONAL NAME
Personal name რაბია ყაზდარის ასული
Relator term ავტორი
9 (RLIN) 2417
700 ## - ADDED ENTRY--PERSONAL NAME
Personal name შაჰიდ ბალხელი; რუდაქი
Relator term ავტორი
9 (RLIN) 2418
700 ## - ADDED ENTRY--PERSONAL NAME
Personal name ქესაი მარაველი და სხვ.
Relator term ავტორი
9 (RLIN) 2419
700 ## - ADDED ENTRY--PERSONAL NAME
Personal name თოდუა, მაგალი
Relator term მთარგმნელი
9 (RLIN) 2420
700 ## - ADDED ENTRY--PERSONAL NAME
Personal name ხაზაი, ეჰსან
Relator term წინათქმა
9 (RLIN) 2421
942 ## - ADDED ENTRY ELEMENTS (KOHA)
Koha item type წიგნი
Source of classification or shelving scheme
ეგზემპლარები
ჩამოწერის სტატუსი დაკარგული ეგზემპლარის სტატუსი კლასიფიკაციის წყარო ან თაროზე გაწყობის სქემა დაზიანების სტატუსი არ გაიცემა მუდმივი მდებარეობა (დაცვის ადგილი) ამჟამინდელი ადგილსამყოფელი თაროზე განთავსების ადგილი შეძენის თარიღი სრული შენახვის შიფრი შტრიხკოდი ბოლო ოპერაციის თარიღი ეგზემპლარის მიმდევრობითი ნომერი (კეტერი?) ფასის ძალაში შესვლის თარიღი ეგზემპლარის სახეობა საჯარო შენიშვნა
          ბათუმის შოთა რუსთაველის სახელმწიფო უნივერსიტეტის მთავარი ბიბლიოთეკა ბათუმის შოთა რუსთაველის სახელმწიფო უნივერსიტეტის მთავარი ბიბლიოთეკა წიგნსაცავი 2018-12-17 821.222.1.1 ს–76 4802 2018-12-17 4802 2018-12-17 წიგნი